Principles of turbomachinery in air-breathing engines / (Record no. 63634)

000 -LEADER
fixed length control field 01550cam a22003974a 4500
001 - CONTROL NUMBER
control field 14167792
003 - CONTROL NUMBER IDENTIFIER
control field NUST - PNEC
005 - DATE AND TIME OF LATEST TRANSACTION
control field 20170116180819.0
008 - FIXED-LENGTH DATA ELEMENTS--GENERAL INFORMATION
fixed length control field 051114s2006 enka b 001 0 eng
010 ## - LIBRARY OF CONGRESS CONTROL NUMBER
LC control number 2005031259
015 ## - NATIONAL BIBLIOGRAPHY NUMBER
National bibliography number GBA604206
Source bnb
016 7# - NATIONAL BIBLIOGRAPHIC AGENCY CONTROL NUMBER
Record control number 013354553
Source Uk
020 ## - INTERNATIONAL STANDARD BOOK NUMBER
International Standard Book Number 9781107417403
020 ## - INTERNATIONAL STANDARD BOOK NUMBER
International Standard Book Number 0521858100 (hardback)
020 ## - INTERNATIONAL STANDARD BOOK NUMBER
International Standard Book Number 9780521858106 (hardback)
035 ## - SYSTEM CONTROL NUMBER
System control number (OCoLC)ocm62302174
035 ## - SYSTEM CONTROL NUMBER
System control number (OCoLC)62302174
040 ## - CATALOGING SOURCE
Original cataloging agency DLC
Transcribing agency LIBRARY
042 ## - AUTHENTICATION CODE
Authentication code pcc
050 00 - LIBRARY OF CONGRESS CALL NUMBER
Classification number TJ778
Item number .B33 2006
082 00 - DEWEY DECIMAL CLASSIFICATION NUMBER
Classification number 621.433 BAS
100 1# - MAIN ENTRY--PERSONAL NAME
Personal name Baskharone, Erian A.,
Dates associated with a name 1947-
245 10 - TITLE STATEMENT
Title Principles of turbomachinery in air-breathing engines /
Statement of responsibility, etc. Erian A. Baskharone.
260 ## - PUBLICATION, DISTRIBUTION, ETC.
Place of publication, distribution, etc. Cambridge ;
-- New York :
Name of publisher, distributor, etc. Cambridge University Press,
Date of publication, distribution, etc. 2006.
300 ## - PHYSICAL DESCRIPTION
Extent xviii, 580 p. :
Other physical details ill. ;
Dimensions 27 cm.
440 #0 - SERIES STATEMENT/ADDED ENTRY--TITLE
Title Cambridge aerospace series ;
Volume/sequential designation 19
504 ## - BIBLIOGRAPHY, ETC. NOTE
Bibliography, etc. note Includes bibliographical references (p. 573-574) and index.
650 #0 - SUBJECT ADDED ENTRY--TOPICAL TERM
Topical term or geographic name entry element Gas-turbines.
General subdivision ME
650 #0 - SUBJECT ADDED ENTRY--TOPICAL TERM
Topical term or geographic name entry element Turbomachines.
856 41 - ELECTRONIC LOCATION AND ACCESS
Materials specified Table of contents only
Uniform Resource Identifier <a href="http://www.loc.gov/catdir/toc/ecip063/2005031259.html">http://www.loc.gov/catdir/toc/ecip063/2005031259.html</a>
856 42 - ELECTRONIC LOCATION AND ACCESS
Materials specified Publisher description
Uniform Resource Identifier <a href="http://www.loc.gov/catdir/enhancements/fy0633/2005031259-d.html">http://www.loc.gov/catdir/enhancements/fy0633/2005031259-d.html</a>
856 42 - ELECTRONIC LOCATION AND ACCESS
Materials specified Contributor biographical information
Uniform Resource Identifier <a href="http://www.loc.gov/catdir/enhancements/fy0733/2005031259-b.html">http://www.loc.gov/catdir/enhancements/fy0733/2005031259-b.html</a>
906 ## - LOCAL DATA ELEMENT F, LDF (RLIN)
a 7
b cbc
c orignew
d 1
e ecip
f 20
g y-gencatlg
942 ## - ADDED ENTRY ELEMENTS (KOHA)
Source of classification or shelving scheme
Koha item type Book
Holdings
Withdrawn status Lost status Source of classification or shelving scheme Damaged status Not for loan Permanent Location Current Location Shelving location Date acquired Source of acquisition Cost, normal purchase price Total Checkouts Full call number Barcode Date last seen Cost, replacement price Price effective from Koha item type
          Pakistan Navy Engineering College (PNEC) Pakistan Navy Engineering College (PNEC) Reference 06/04/2015 Progressive agency/Library Grant 6522.65   621.433 BAS PNECLIB-032131 06/11/2015 6522.65 06/04/2015 Book
© 2023 Central Library, National University of Sciences and Technology. All Rights Reserved.